000
00268nam a22001097a 4500
082
_a
423 COL'P
100
_a
PARR, D.K,WEEKLEY, E
_9
60495
245
_a
COLLINS SENIOR (ETYMOLOGICAL) DICTIONARY
260
_a
LONDON
_b
COLLINS
_c
1933
300
_a
VIII, 280P
942
_c
BK
999
_c
570201
_d
570201